000 00495nam a2200181Ia 4500
003 OSt
005 20260102155040.0
008 008 250505s9999 xx 000 0 eng d
037 _aTEXTBOOK
040 _aFEDL
_beng
_cFEDL
041 _aeng
_2eng
082 _a340, TRI
245 0 _aIntroduction to jurisprudence: Legal theory
260 _aAllahabad, India
_bAllahabad Law Agency
_c1992
300 _aviii,397p.
942 _cREF
_h340, TRI
_2CC
_n0
999 _c1378946
_d1378946